| 000 | 00488nam a2200181 4500 | ||
|---|---|---|---|
| 003 | SEACOMEC | ||
| 005 | 20240313162410.0 | ||
| 008 | 240313b |||||||| |||| 00| 0 eng d | ||
| 020 | _cRs.295.00 | ||
| 040 | _aSEACOMEC | ||
| 041 | _aEnglish | ||
| 082 |
_a006 _bP715G |
||
| 100 | _a Plaszezat, Pawel | ||
| 245 |
_aGrid Computing _bThe Savvy Manager's Guide _cPawel Plaszezat and R Wellner |
||
| 260 |
_aNew Delhi _bElsevier. _c2006 |
||
| 650 | _aComputer Science - Methods | ||
| 942 | _cBOOK | ||
| 999 |
_c789 _d789 |
||